Statistiques concernant Culture Générale - Série 1037

Cliquez ici pour prendre le quiz!

Statistiques générales

  • Ce quiz a été pris 63 fois
  • Le résultat moyen est 5 sur 10

Statistiques - réponses

QuestionRéponse% Correct
Dans quel état des Etats Unis se trouve la ville de Miami ?Floride
98%
Comment appelle-ton le bâton, dont l'anagramme est "respect", qui est l’un des symboles de la royauté, de l'autorité et du pouvoir suprême ?sceptre
75%
Quel joueur de tennis allemand était surnommé " Boum Boum" ?Boris Becker
66%
Le mot "capucin" désigne un moine, ou un animal, un ...singe
64%
Mot rimant avec "tacle" et qui signifie "Parvenir à la situation la plus élevée, en termes de responsabilités, de compétences, de hiérarchie" : monter au ...pinacle
44%
Quel élément architectural , dont l'anagramme est " martien", trouve-t-on dans une mosquée ?minaret
42%
Quel espèce d'oiseau est le Circaète Jean-Le-Blanc ?rapace
34%
Petit récipient rond, en bois ou en terre, creux et très évasé, dans lequel on met et mange de la nourriture, notamment des aliments liquidesecuelle
22%
Pigment rouge foncé et vif obtenu à partir d'un colorant extrait de l'insecte cochenille .carmin
22%
Chez les Turcs, titre qui était donné aux savants, dignitaires religieux, magistrats et gens instruitséfendi
8%

Distribution des résultats

Percentile par nombre de réponses

% des personnes avec chaque résultat

Votre développement - résultats

Vous n’avez pas pris ce quiz